000 00580nam a22001937a 4500
003 koha_MIRAKIL
005 20260108102648.0
008 260108b tur||||| |||| 00| 0 tur d
020 _a9786052855805
040 _aTR-IsEVY
_btur
_cTR-IsEVY
082 _aFIC USL/D
100 _aUslu, Serdar
245 0 _aDefne ve diğer baş belaları /
_cSerdar Uslu ; resimleyen Emre Karacan.
260 _aİzmir :
_bTudem,
_c2022.
300 _a133 s. :
_bresimli ;
_c19 cm.
650 _aÇocuk Edebiyatı.
_vÇocuk Romanı.
700 1 _aKaracan, Emre.
_cresimleyen.
942 _2ddc
_cBK
999 _c23230
_d23230